Neurociencias y Derecho Penal: nuevas perspectivas en el ámbito de la culpabilidad y tratamiento jurídico-penal de la peligrosidad
Saved in:
| Main Authors: | , |
|---|---|
| Format: | Book |
| Language: | Spanish |
| Published: |
Madrid
EDISOFER S. L
2013
Buenos Aires Euro Editores S. R. L 2013 |
| Subjects: | |
| Tags: |
Add Tag
No Tags, Be the first to tag this record!
|
MARC
| LEADER | 00000cam a2200000 a 4500 | ||
|---|---|---|---|
| 001 | UCF6690 | ||
| 003 | CL-VaPUC | ||
| 008 | 130516e20130000SP |||||||||||||||||spa|d | ||
| 020 | |a 9789974676985 | ||
| 082 | 0 | 4 | |a 346.03 |b DEM |2 21 |
| 100 | 0 | |a Demetrio Crespo, Eduardo |e author |9 568718 | |
| 700 | 0 | |a Maroto Calatayud, Manuel |e author |9 568719 | |
| 245 | 1 | 0 | |a Neurociencias y Derecho Penal: nuevas perspectivas en el ámbito de la culpabilidad y tratamiento jurídico-penal de la peligrosidad |
| 300 | |a 690 p | ||
| 942 | |c BK | ||
| 945 | |d 20130516 00:00:00 |a dcastane | ||
| 260 | |a Madrid |b EDISOFER S. L |c 2013 | ||
| 260 | |a Buenos Aires |b Euro Editores S. R. L |c 2013 | ||
| 650 | 0 | |a Derecho civil |9 255013 | |
| 650 | 0 | |a Etica profesional |9 255694 | |
| 650 | 7 | |a DERECHO PENAL |2 CL-VaPUC |9 11 | |
| 650 | 0 | |a Responsabilidad médica |9 357519 | |
| 650 | 7 | |a RESPONSABILIDAD CIVIL |2 CL-VaPUC |9 568720 | |
| 583 | |a last modification |c 20130528 01:20:41 |k Rodrigo Vera | ||
| 999 | |c 351829 |d 351827 | ||
| 952 | |0 0 |1 0 |4 0 |6 346_030000000000000_DEM_2013_2013 |7 0 |8 A |9 456186 |a BIBDER |b BIBDER |d 2019-11-22 |i 4970489 |l 1 |o 346.03 DEM 2013 2013 |p 4970489 |r 2023-04-19 |s 2023-04-19 |w 2019-11-22 |y BK |k DER | ||